Computer for Nurses (Record no. 158447)

MARC details
000 -LEADER
fixed length control field 00383nam a2200145Ia 4500
008 - FIXED-LENGTH DATA ELEMENTS--GENERAL INFORMATION
fixed length control field 230411s9999 xx 000 0 und d
020 ## - INTERNATIONAL STANDARD BOOK NUMBER
International Standard Book Number 978-81-7739-428-3
041 ## - LANGUAGE CODE
Language code of text/sound track or separate title eng
082 ## - DEWEY DECIMAL CLASSIFICATION NUMBER
Classification number C/004/SOO/B09253
100 ## - MAIN ENTRY--PERSONAL NAME
Personal name Sood Ranju
9 (RLIN) 180026
245 ## - TITLE STATEMENT
Title Computer for Nurses
260 ## - PUBLICATION, DISTRIBUTION, ETC. (IMPRINT)
Name of publisher, distributor, etc. Avichal Publishiing Company
Place of publication, distribution, etc. New Delhi
Date of publication, distribution, etc. 2017
300 ## - PHYSICAL DESCRIPTION
Extent 152p
Holdings
Withdrawn status Lost status Damaged status Not for loan Collection code Home library Current library Date acquired Vendor Cost, normal purchase price Bill number Full call number Barcode Date last seen Cost, replacement price Bill Date Koha item type Original Barcode Total Checkouts
      Reference   Smt. Bakul Tambat Institute of Nursing Education Smt. Bakul Tambat Institute of Nursing Education 06/12/2019 Patil Medical Book House 250.00 1601 C 004 SOO B09253 BTIN-BK-9253 11/04/2023 187.50 15/06/2019 Books B09253  
          Smt. Bakul Tambat Institute of Nursing Education Smt. Bakul Tambat Institute of Nursing Education 06/12/2019 Patil Medical Book House 250.00 1601 C 004 SOO B09254 BTIN-BK-9254 11/04/2023 187.50 15/06/2019 Books B09254  
          Smt. Bakul Tambat Institute of Nursing Education Smt. Bakul Tambat Institute of Nursing Education 06/12/2019 Patil Medical Book House 250.00 1601 C 004 SOO B09255 BTIN-BK-9255 11/04/2023 187.50 15/06/2019 Books B09255  
          Smt. Bakul Tambat Institute of Nursing Education Smt. Bakul Tambat Institute of Nursing Education 06/12/2019 Patil Medical Book House 250.00 1601 C 004 SOO B09256 BTIN-BK-9256 11/04/2023 187.50 15/06/2019 Books B09256  
          Smt. Bakul Tambat Institute of Nursing Education Smt. Bakul Tambat Institute of Nursing Education 06/12/2019 Patil Medical Book House 250.00 1601 C 004 SOO B09257 BTIN-BK-9257 11/04/2023 187.50 15/06/2019 Books B09257